1242 1040 1861 1681 1829 1503 1303 1023 1905 1302 1735 1527 1968 1735 1333 1621 1770 1542 1664 1003 1603 1158 1545 1600 1281 1522 1205 1403 1607 1681 1429 1516 1963 1830 1279 1119 1338 1788 1459 1332 1290 1756 1904 1667 1296 1451 1649 1925 1023 1238 1587 1185 1634 1809 1361 1834 1995 1146 1748 1408 1160 1770 1826 1421 1448 1151 1016 1961 1311 1744 1910 1324 1165 1802 1283 1958 1069 1253 1421 1743 1333 1905 1232 2000 1635 1215 1320 1450 1009 1400 1462 1737 1083 1425 1665 1374 1062 1348 1145 BCNSPRNW ULIB Ver.6.0+V

เปลี่ยนเป็นภาษาไทย

Change to English
 แสดงรายละเอียดบรรณานุกรม
  กลับหน้าหลัก

Brief Record : Get Marc (ISO 2709) : E-mail record : QR code < ปิดหน้าต่าง
LEADER : 00000nam 2200000uu 4500
001    13399110887
003     ULIB
008    110613s||||||||th 000 0 tha d
020    9748679241(ล.6)
050  4 AC158^bF111D ล.6 2005
100 0  Frugis, Sergio
245    ดิสนีย์ส (Disney s) โลกมหัศจรรย์ : นก ปลา และแมลง/ ^cผู้แปลและเรียบเรียง ศูนย์การแปล คณะอักษณศาสตร์ จุฬาลงกรณ์มหาวิทยาลัย ; บรรณาธิการ ชาญศักดิ์ พงษ์สุวรรณ
260    กรุงเทพฯ : ^bโกเลียร์อินเตอร์เนชั่นแนล, ^c2005
300    20 เล่ม : ^bภาพประกอบ ; ^c26 ซม.
592    Buddhist era
650  7 ความรู้ทั่วไป
650  7 นก
650  7 ปลา
650  7 แมลง
700    ชาญศักดิ์ พงษ์สุวรรณ, ^eบรรณาธิการ
710    จุฬาลงกรณ์มหาวิทยาลัย. ^bคณะอักษรศาสตร์. ^bศูนย์การแปล
945    ^p850^l0^i023020
995    ทศพร
999 ^a ใช้งานได้ทุกระบบ
รายการนี้ยังไม่มีแท็ก
คุณยังไม่ได้ล็อกอิน คุณสามารถมีกิจกรรมร่วมกับเว็บไซต์ได้ แต่ต้องล็อกอินก่อน ::
  ล็อกอิน

รายการสื่อสารสนเทศ

ลำดับที่ ประเภท เลขเรียก/บาร์โค้ด สถานที่ สถานะ
- ไม่พบข้อมูล -

รายการใกล้เคียง
    ผู้แต่ง [Frugis, Sergio]

    หัวเรื่อง [ความรู้ทั่วไป]
    หัวเรื่อง [นก]
    หัวเรื่อง [ปลา]
    หัวเรื่อง [แมลง]

BibComment


ยังไม่เคยถูกคอมเมนท์

คอมเมนท์ทรัพยากรรายการนี้
  คอมเมนท์: ดิสนีย์ส Disney s..


 Copyright 2026. Bcnsprnw @Library